[Event "TUR-chT2"]
[Site "Konya"]
[Date "2018.07.14"]
[Round "8.6"]
[White "Subasi, Cagrican"]
[Black "Kaban, Erhan"]
[Result "1/2-1/2"]
[WhiteElo "1819"]
[BlackElo "1901"]
[PlyCount "89"]
[EventDate "2018.07.10"]
[EventType "team-swiss"]
[EventRounds "9"]
[EventCountry "TUR"]
[SourceTitle "EXT 2019"]
[Source "ChessBase"]
[SourceDate "2018.10.10"]
[SourceVersion "1"]
[SourceVersionDate "2018.10.10"]
[SourceQuality "1"]
[WhiteTeam "Duzce Duzcespor"]
[BlackTeam "Genclik Mudurlugu"]
[WhiteTeamCountry "TUR"]
[BlackTeamCountry "TUR"]

1. d4 Nf6 2. c4 g6 3. Nc3 Bg7 4. g3 d6 5. Bg2 0-0 6. e3 e5 7. Nge2 c6 8. h3 Be6 9. d5 cxd5 10. cxd5 Bd7 11. e4 a5 12. Be3 Na6 13. 0-0 b5 14. a4 bxa4 15. Nxa4 Rb8 16. Qd2 Rb4 17. Nac3 a4 18. Ra2 Qc8 19. Rfa1 Bxh3 20. Rxa4 Bxg2 21. Kxg2 Rxa4 22. Rxa4 Nc5 23. Rc4 Qa6 24. Rxc5 dxc5 25. Bxc5 Rc8 26. b4 Qc4 27. d6 Nxe4 28. Nxe4 Qxe4+ 29. f3 Qc6 30. Nc3 Bf8 31. Ne4 Bg7 32. Qa2 Qb5 33. Qd5 Qe2+ 34. Bf2 Rc1 35. g4 Qf1+ 36. Kg3 Qh1 37. g5 Rg1+ 38. Bxg1 Qxg1+ 39. Kh3 Qh1+ 40. Kg4 h5+ 41. gxh6 Qg2+ 42. Ng3 Bxh6 43. d7 Bf4 44. d8Q+ Kg7 45. Qxf7+ 1/2-1/2

[Event "TUR-chT2"]
[Site "Konya"]
[Date "2018.07.10"]
[Round "1.17"]
[White "Ermis, Askin"]
[Black "Kaban, Erhan"]
[Result "0-1"]
[WhiteElo "1601"]
[BlackElo "1901"]
[PlyCount "90"]
[EventDate "2018.07.10"]
[EventType "team-swiss"]
[EventRounds "9"]
[EventCountry "TUR"]
[SourceTitle "EXT 2019"]
[Source "ChessBase"]
[SourceDate "2018.10.10"]
[SourceVersion "1"]
[SourceVersionDate "2018.10.10"]
[SourceQuality "1"]
[WhiteTeam "Antalya Cankaya Univ"]
[BlackTeam "Genclik Mudurlugu"]
[WhiteTeamCountry "TUR"]
[BlackTeamCountry "TUR"]

1. e4 g6 2. d4 Bg7 3. Nf3 d6 4. c4 Nf6 5. Nc3 0-0 6. Be2 c5 7. 0-0 cxd4 8. Nxd4 Nc6 9. Be3 h5 10. h3 Bd7 11. Qd2 a6 12. a3 Rc8 13. b4 Ne5 14. Qa2 b5 15. c5 dxc5 16. bxc5 Rxc5 17. Ndxb5 Rxb5 18. Nxb5 Bxb5 19. Bxb5 axb5 20. Rad1 Qa5 21. Bc5 Qc7 22. Bb4 Nxe4 23. Qd5 Nc3 24. Bxc3 Qxc3 25. Qxb5 Qxa3 26. Rfe1 Qc3 27. Re3 Qc2 28. Rde1 Nc6 29. R3e2 Qc3 30. Re3 Qf6 31. Rf3 Qd6 32. Rd3 Nd4 33. Qc4 e5 34. f4 Rd8 35. fxe5 Ne2+ 36. Rxe2 Qxd3 37. Qxd3 Rxd3 38. e6 Bd4+ 39. Kh2 fxe6 40. Rxe6 Kf7 41. Re1 h4 42. Re4 g5 43. Rg4 Be5+ 44. Kg1 Bg3 45. Kf1 Re3 0-1

[Event "TUR Cup										"]
[Site "Antalya"]
[Date "2018.02.02"]
[Round "10"]
[White "Kaban, Erhan"]
[Black "Ozata, Doruk"]
[Result "1-0"]
[WhiteElo "1952"]
[BlackElo "1420"]
[PlyCount "69"]
[EventDate "2018.01.27"]
[EventType "swiss"]
[EventRounds "11"]
[EventCountry "TUR"]
[SourceTitle "CBM 182 Extra"]
[Source "ChessBase"]
[SourceDate "2018.02.23"]
[SourceVersion "1"]
[SourceVersionDate "2018.02.23"]
[SourceQuality "1"]

1. e4 c5 2. Nf3 Nc6 3. d3 d6 4. g3 g6 5. Bg2 Bg7 6. 0-0 e6 7. Nc3 Nge7 8. Bg5 h6 9. Be3 0-0 10. Qd2 Kh7 11. d4 b6 12. Rad1 Ba6 13. Rfe1 Na5 14. b3 Rc8 15. Ne2 Nac6 16. d5 exd5 17. exd5 Ne5 18. Nxe5 dxe5 19. c4 Nf5 20. Bh3 Rb8 21. Bxf5 gxf5 22. Qc2 Bc8 23. g4 Qf6 24. Ng3 e4 25. Bf4 Rb7 26. gxf5 Rg8 27. Qxe4 Bf8 28. Kh1 Rxg3 29. Bxg3 Bxf5 30. Qf4 Bg7 31. d6 Rd7 32. Bh4 Qg6 33. Rg1 Qh5 34. Rd5 Rxd6 35. Rxf5 1-0

[Event "TUR Cup										"]
[Site "Antalya"]
[Date "2018.01.30"]
[Round "6"]
[White "Kaban, Erhan"]
[Black "Dinc, Melih"]
[Result "1/2-1/2"]
[WhiteElo "1952"]
[BlackElo "1703"]
[PlyCount "90"]
[EventDate "2018.01.27"]
[EventType "swiss"]
[EventRounds "11"]
[EventCountry "TUR"]
[SourceTitle "CBM 182 Extra"]
[Source "ChessBase"]
[SourceDate "2018.02.23"]
[SourceVersion "1"]
[SourceVersionDate "2018.02.23"]
[SourceQuality "1"]

1. Nf3 d5 2. g3 Nf6 3. Bg2 e6 4. d3 Be7 5. 0-0 0-0 6. b3 c5 7. Bb2 Nc6 8. Nbd2 Qc7 9. e4 d4 10. c3 e5 11. cxd4 exd4 12. Qe2 Nd7 13. Rfe1 Nde5 14. Nxe5 Nxe5 15. h3 f6 16. f4 Nc6 17. Rac1 a5 18. a4 Rb8 19. Ba3 b6 20. Qh5 Ba6 21. Nc4 Bxc4 22. Rxc4 Nb4 23. Bxb4 axb4 24. Qd5+ Kh8 25. Qxd4 Qxf4 26. gxf4 cxd4 27. Rc7 Bd6 28. Rc4 Bxf4 29. Rxd4 Rfd8 30. Rd5 Rxd5 31. exd5 Be5 32. Re4 Bd6 33. Kf2 Kg8 34. Ke3 Kf7 35. d4 Re8 36. Kd3 Rxe4 37. Bxe4 Ke7 38. Kc4 Kd7 39. Kb5 Kc7 40. Bxh7 g5 41. Bf5 Kb7 42. Kc4 Kc7 43. Be6 Kd8 44. Bg4 Kc7 45. Be6 Kd8 1/2-1/2

[Event "TUR-chT2"]
[Site "Konya"]
[Date "2014.06.28"]
[Round "8.11"]
[White "Cemhan, Atakan"]
[Black "Kaban, Erhan"]
[Result "0-1"]
[WhiteElo "1490"]
[BlackElo "1992"]
[PlyCount "42"]
[EventDate "2014.06.23"]
[EventType "team-swiss"]
[EventRounds "9"]
[EventCountry "TUR"]
[SourceTitle "CBM 161 Extra"]
[Source "ChessBase"]
[SourceDate "2014.08.29"]
[SourceVersion "1"]
[SourceVersionDate "2014.08.29"]
[SourceQuality "1"]
[WhiteTeam "Er Bakir"]
[BlackTeam "Ataturk Univ"]
[WhiteTeamCountry "TUR"]
[BlackTeamCountry "TUR"]

1. e4 c5 2. Nf3 d6 3. d4 cxd4 4. Nxd4 Nf6 5. Nc3 a6 6. g3 g6 7. Bg2 Bg7 8. 0-0 0-0 9. h3 Bd7 10. Be3 Nc6 11. a4 Ne5 12. b3 Qc8 13. Nce2 Bxh3 14. c3 Bxg2 15. Kxg2 Nxe4 16. Rc1 Ng4 17. Qd3 Nc5 18. Qd2 e5 19. f3 Nxe3+ 20. Qxe3 exd4 21. cxd4 Qe8 0-1

[Event "TUR-chT2"]
[Site "Konya"]
[Date "2014.06.26"]
[Round "6.8"]
[White "Kaban, Erhan"]
[Black "Demiralp, Murat"]
[Result "1/2-1/2"]
[WhiteElo "1992"]
[BlackElo "2061"]
[PlyCount "67"]
[EventDate "2014.06.23"]
[EventType "team-swiss"]
[EventRounds "9"]
[EventCountry "TUR"]
[SourceTitle "CBM 161 Extra"]
[Source "ChessBase"]
[SourceDate "2014.08.29"]
[SourceVersion "1"]
[SourceVersionDate "2014.08.29"]
[SourceQuality "1"]
[WhiteTeam "Ataturk Univ"]
[BlackTeam "Gokce"]
[WhiteTeamCountry "TUR"]
[BlackTeamCountry "TUR"]

1. Nf3 d5 2. g3 Nf6 3. Bg2 c6 4. 0-0 Bf5 5. d3 e6 6. Nbd2 Be7 7. b3 0-0 8. Bb2 a5 9. a4 Na6 10. Ne5 Nd7 11. Nxd7 Qxd7 12. Nf3 Rfd8 13. Qd2 Qc7 14. h3 Bg6 15. Ne5 Bd6 16. Nxg6 hxg6 17. Qg5 Qe7 18. Qg4 Nc7 19. h4 Ne8 20. e4 dxe4 21. dxe4 Nf6 22. Qe2 Bc5 23. Rad1 Rxd1 24. Rxd1 Rd8 25. Bf3 Rxd1+ 26. Qxd1 Qc7 27. Kg2 Qb6 28. Qd2 Bb4 29. Qd3 Bc5 30. Qd2 Bb4 31. Qd4 Bc5 32. Qd2 Bb4 33. Qd4 Bc5 34. Qd2 1/2-1/2

[Event "TUR-chT2"]
[Site "Konya"]
[Date "2014.06.24"]
[Round "3.5"]
[White "Kaban, Erhan"]
[Black "Bayik, Hasan"]
[Result "1-0"]
[WhiteElo "1992"]
[BlackElo "2042"]
[PlyCount "123"]
[EventDate "2014.06.23"]
[EventType "team-swiss"]
[EventRounds "9"]
[EventCountry "TUR"]
[SourceTitle "CBM 161 Extra"]
[Source "ChessBase"]
[SourceDate "2014.08.29"]
[SourceVersion "1"]
[SourceVersionDate "2014.08.29"]
[SourceQuality "1"]
[WhiteTeam "Ataturk Univ"]
[BlackTeam "Burdur"]
[WhiteTeamCountry "TUR"]
[BlackTeamCountry "TUR"]

1. Nf3 d5 2. g3 Nf6 3. Bg2 g6 4. d3 Bg7 5. 0-0 0-0 6. Nbd2 Nc6 7. h3 e5 8. e4 dxe4 9. dxe4 b6 10. Re1 Ba6 11. b3 Qd7 12. Bb2 Rad8 13. g4 Bh6 14. Nf1 Qxd1 15. Raxd1 Rxd1 16. Rxd1 Be2 17. Re1 Bxf3 18. Bxf3 Rd8 19. Kg2 Bf4 20. Be2 a5 21. f3 Nb4 22. c3 Nc6 23. Ba3 Bd2 24. Rd1 Bg5 25. Rd3 Ne8 26. Ng3 Ng7 27. Rxd8+ Nxd8 28. Bc4 Nge6 29. Ne2 Bd2 30. h4 Kg7 31. Kf2 Nc5 32. Bxc5 bxc5 33. Bd5 Kf6 34. Kf1 c6 35. Bc4 Ne6 36. Bxe6 Kxe6 37. c4 a4 38. bxa4 Kd7 39. Kf2 Kc7 40. Ng3 Kb6 41. Nf1 Bc3 42. Ke2 Ka5 43. h5 Kxa4 44. hxg6 fxg6 45. g5 Kb4 46. Ne3 Bb2 47. Kd2 Ka3 48. Ng4 Kxa2 49. Nf6 Kb3 50. Kd3 Bc1 51. Nxh7 Kb2 52. Nf8 Bxg5 53. Nxg6 Bf6 54. f4 exf4 55. Nxf4 Kb3 56. Ng6 Kb4 57. e5 Bd8 58. e6 Ka5 59. e7 Bxe7 60. Nxe7 Kb6 61. Ng6 Kc7 62. Nf4 1-0

[Event "Kemer Turkey Cup"]
[Site "Kemer"]
[Date "2014.02.08"]
[Round "9"]
[White "Soydan, Busra"]
[Black "Kaban, Erhan"]
[Result "0-1"]
[WhiteElo "1723"]
[BlackElo "1989"]
[PlyCount "58"]
[EventDate "2014.02.01"]
[EventType "swiss"]
[EventRounds "9"]
[EventCountry "TUR"]
[SourceTitle "CBM 158 Extra"]
[Source "ChessBase"]
[SourceDate "2014.02.28"]
[SourceVersion "1"]
[SourceVersionDate "2014.02.28"]
[SourceQuality "1"]

1. Nf3 Nf6 2. c4 e6 3. Nc3 b6 4. g3 Bb7 5. Bg2 Be7 6. d3 0-0 7. 0-0 d6 8. Rb1 Nbd7 9. b4 c5 10. a3 Rc8 11. Bd2 Re8 12. Qa4 Ra8 13. Rfc1 Qc8 14. h3 Bc6 15. Qc2 d5 16. cxd5 exd5 17. Na4 Bf8 18. Kf1 h6 19. Bc3 d4 20. Be1 Ne5 21. Nxe5 Rxe5 22. Qd1 Bxg2+ 23. Kxg2 Rh5 24. h4 Rxh4 25. gxh4 Qg4+ 26. Kh1 Qh3+ 27. Kg1 Ng4 28. e3 dxe3 29. Rb2 e2 0-1

[Event "Kemer Turkey Cup"]
[Site "Kemer"]
[Date "2014.02.06"]
[Round "7"]
[White "Cosan, Gokmen"]
[Black "Kaban, Erhan"]
[Result "0-1"]
[WhiteElo "1765"]
[BlackElo "1989"]
[PlyCount "108"]
[EventDate "2014.02.01"]
[EventType "swiss"]
[EventRounds "9"]
[EventCountry "TUR"]
[SourceTitle "CBM 158 Extra"]
[Source "ChessBase"]
[SourceDate "2014.02.28"]
[SourceVersion "1"]
[SourceVersionDate "2014.02.28"]
[SourceQuality "1"]

1. d4 Nf6 2. Nf3 b6 3. Bf4 Bb7 4. e3 e6 5. h3 Be7 6. Bd3 0-0 7. 0-0 c5 8. Nbd2 Nc6 9. c3 d6 10. Qe2 cxd4 11. exd4 Re8 12. Ba6 Qc8 13. Bxb7 Qxb7 14. Ne4 Rad8 15. Rfe1 Na5 16. Nxf6+ Bxf6 17. Bg5 Bxg5 18. Nxg5 h6 19. Ne4 d5 20. Nd2 b5 21. f4 b4 22. Nf3 bxc3 23. bxc3 Qc7 24. Qd2 Rc8 25. Rac1 Nc4 26. Qd1 Qxf4 27. Rb1 Re7 28. a4 Rec7 29. Qc1 Qxc1 30. Rexc1 Nd6 31. a5 Rxc3 32. Rxc3 Rxc3 33. Rb8+ Kh7 34. Rd8 Rc1+ 35. Kh2 Rc6 36. Rd7 Ra6 37. Ne5 f6 38. Nd3 Ne4 39. Nf4 e5 40. Nh5 Rxa5 41. dxe5 fxe5 42. Nxg7 Kg6 43. Ne6 Nf6 44. Rc7 d4 45. Nc5 h5 46. Rc6 Kf5 47. Nb7 Ra2 48. Nd6+ Kf4 49. Nf7 Nd5 50. Rc5 Ne3 51. Rxe5 Nxg2 52. Rxh5 Ne1+ 53. Kg1 Nf3+ 54. Kf1 Ke3 0-1

[Event "Kemer Turkey Cup"]
[Site "Kemer"]
[Date "2014.02.05"]
[Round "6"]
[White "Kaban, Erhan"]
[Black "Bitirgen, Bilent"]
[Result "0-1"]
[WhiteElo "1989"]
[BlackElo "1820"]
[PlyCount "98"]
[EventDate "2014.02.01"]
[EventType "swiss"]
[EventRounds "9"]
[EventCountry "TUR"]
[SourceTitle "CBM 158 Extra"]
[Source "ChessBase"]
[SourceDate "2014.02.28"]
[SourceVersion "1"]
[SourceVersionDate "2014.02.28"]
[SourceQuality "1"]

1. Nf3 d5 2. g3 Nf6 3. Bg2 Bg4 4. d3 e6 5. Nbd2 Nbd7 6. 0-0 Bd6 7. e4 0-0 8. Qe1 Bxf3 9. Nxf3 dxe4 10. dxe4 e5 11. Nh4 Nc5 12. Qe2 g6 13. Bh6 Re8 14. Rad1 Qe7 15. c3 Qe6 16. b3 Bf8 17. Bxf8 Kxf8 18. Qe3 Qe7 19. Qh6+ Kg8 20. f3 Rad8 21. Rde1 Rd3 22. c4 Red8 23. Re2 Ne6 24. Ref2 Qf8 25. Qc1 Qc5 26. Bh3 Nd4 27. Kg2 Qe7 28. Qg5 Nd5 29. Qxe7 Nxe7 30. f4 Ndc6 31. Nf3 exf4 32. gxf4 h6 33. Re1 a5 34. Rb2 Kg7 35. Bg4 h5 36. Bh3 Nb4 37. Ree2 Nec6 38. f5 Rxf3 39. Kxf3 Nd4+ 40. Ke3 Nxe2 41. Kxe2 Nd3 42. Rc2 Nf4+ 43. Ke3 Nxh3 44. Rg2 g5 45. Rg3 g4 46. e5 c5 47. Rg2 Rd4 48. Rb2 Ng5 49. Rd2 Rxd2 0-1

[Event "Kemer Turkey Cup"]
[Site "Kemer"]
[Date "2014.02.04"]
[Round "5"]
[White "Atakisi, Umut"]
[Black "Kaban, Erhan"]
[Result "1-0"]
[WhiteElo "2350"]
[BlackElo "1989"]
[PlyCount "43"]
[EventDate "2014.02.01"]
[EventType "swiss"]
[EventRounds "9"]
[EventCountry "TUR"]
[SourceTitle "CBM 158 Extra"]
[Source "ChessBase"]
[SourceDate "2014.02.28"]
[SourceVersion "1"]
[SourceVersionDate "2014.02.28"]
[SourceQuality "1"]

1. e4 d5 2. exd5 Nf6 3. Nf3 Nxd5 4. d4 Bg4 5. c4 Nf6 6. h3 Bh5 7. Nc3 e6 8. g4 Bg6 9. Ne5 c6 10. Bg2 Nbd7 11. Nxg6 hxg6 12. g5 Nh5 13. d5 cxd5 14. cxd5 e5 15. d6 Qb6 16. Ne4 0-0-0 17. 0-0 Kb8 18. Be3 Qa6 19. Rc1 f5 20. Qc2 Bxd6 21. Nxd6 Qxd6 22. Rfd1 1-0

[Event "Kemer Turkey Cup"]
[Site "Kemer"]
[Date "2014.02.02"]
[Round "3"]
[White "Demircioglu, Emre"]
[Black "Kaban, Erhan"]
[Result "1-0"]
[WhiteElo "2130"]
[BlackElo "1989"]
[PlyCount "61"]
[EventDate "2014.02.01"]
[EventType "swiss"]
[EventRounds "9"]
[EventCountry "TUR"]
[SourceTitle "CBM 158 Extra"]
[Source "ChessBase"]
[SourceDate "2014.02.28"]
[SourceVersion "1"]
[SourceVersionDate "2014.02.28"]
[SourceQuality "1"]

1. d4 Nf6 2. Nf3 e6 3. g3 b6 4. Bg2 Bb7 5. 0-0 c5 6. c4 cxd4 7. Qxd4 Nc6 8. Qf4 d5 9. Rd1 Qb8 10. Nc3 e5 11. Qf5 Bc8 12. Qc2 Nb4 13. Qb3 d4 14. Nxe5 Qxe5 15. Bxa8 dxc3 16. bxc3 Na6 17. Qa4+ Nd7 18. Bc6 Nab8 19. Bf4 Nxc6 20. Bxe5 Ncxe5 21. Rd5 Ng4 22. Qc6 Kd8 23. Rad1 Ngf6 24. Rf5 Be7 25. e4 Rf8 26. e5 Ng4 27. h3 g6 28. hxg4 gxf5 29. gxf5 Bc5 30. e6 Bxf2+ 31. Kg2 1-0

[Event "TUR-ch"]
[Site "Antalya"]
[Date "2013.02.05"]
[Round "6"]
[White "Canbulan, Arda"]
[Black "Kaban, Erhan"]
[Result "1-0"]
[WhiteElo "1828"]
[BlackElo "1994"]
[PlyCount "59"]
[EventDate "2013.02.02"]
[EventType "swiss"]
[EventRounds "11"]
[EventCountry "TUR"]
[SourceTitle "CBM 152 Extra"]
[Source "ChessBase"]
[SourceDate "2013.02.25"]
[SourceVersion "1"]
[SourceVersionDate "2013.02.25"]
[SourceQuality "1"]

1. e4 e6 2. b3 d5 3. Bb2 dxe4 4. Nc3 Nf6 5. g4 h6 6. Bg2 Bd7 7. Qe2 Bc6 8. 0-0-0 a5 9. a4 Nbd7 10. Nxe4 Nxe4 11. Bxe4 Bxe4 12. Qxe4 Nc5 13. Qe2 Qd5 14. Nh3 Ra6 15. d4 Nxb3+ 16. cxb3 Rc6+ 17. Kb1 Qxb3 18. Qb5 Qxh3 19. d5 exd5 20. Rhe1+ Be7 21. Qxb7 Kd7 22. Rxe7+ Kxe7 23. Qxc6 d4 24. Re1+ Kd8 25. Qa8+ Kd7 26. Qc6+ Kd8 27. Qa8+ Kd7 28. Qxh8 Qd3+ 29. Ka1 Qc4 30. Qe8+ 1-0

[Event "TUR-ch"]
[Site "Antalya"]
[Date "2013.02.04"]
[Round "4"]
[White "Celik, Abbas"]
[Black "Kaban, Erhan"]
[Result "1/2-1/2"]
[WhiteElo "1813"]
[BlackElo "1994"]
[PlyCount "82"]
[EventDate "2013.02.02"]
[EventType "swiss"]
[EventRounds "11"]
[EventCountry "TUR"]
[SourceTitle "CBM 152 Extra"]
[Source "ChessBase"]
[SourceDate "2013.02.25"]
[SourceVersion "1"]
[SourceVersionDate "2013.02.25"]
[SourceQuality "1"]

1. e4 e6 2. d4 d5 3. Nc3 Bb4 4. e5 Qd7 5. f4 b6 6. Nf3 Ba6 7. Bd3 Bxd3 8. Qxd3 Nh6 9. 0-0 Nf5 10. Ne2 Be7 11. Ng3 g6 12. Be3 Nc6 13. Nxf5 gxf5 14. c4 Nb4 15. Qe2 dxc4 16. Qxc4 Nd5 17. Bd2 a5 18. Rac1 Rg8 19. Ne1 Rg4 20. Nd3 h5 21. Rf3 Rd8 22. Nf2 Rg6 23. Nd1 c5 24. dxc5 Bxc5+ 25. Kh1 Nf6 26. Be3 Bxe3 27. Nxe3 Ne4 28. Rd1 Qc8 29. Qxc8 Rxc8 30. Kg1 f6 31. exf6 Rxf6 32. Kf1 a4 33. Rh3 Rh6 34. g4 fxg4 35. Nxg4 Rg6 36. Rxh5 Rc2 37. Rh8+ Ke7 38. Rh7+ Ke8 39. Rh8+ Ke7 40. Rh7+ Ke8 41. Rh8+ Ke7 1/2-1/2

[Event "TUR-ch op"]
[Site "Antalya"]
[Date "2008.02.10"]
[Round "11.27"]
[White "Tepeli, Huseyin"]
[Black "Kaban, Erhan"]
[Result "1-0"]
[WhiteElo "1970"]
[BlackElo "1409"]
[PlyCount "65"]
[EventDate "2008.02.04"]
[EventType "swiss"]
[EventRounds "11"]
[EventCountry "TUR"]
[SourceTitle "CBM 122 Extra"]
[Source "ChessBase"]
[SourceDate "2008.03.04"]
[SourceVersion "1"]
[SourceVersionDate "2008.03.04"]
[SourceQuality "1"]

1. e4 c5 2. Nf3 d6 3. d4 cxd4 4. Nxd4 Nf6 5. Nc3 a6 6. f3 e5 7. Nb3 Be6 8. Be3 d5 9. exd5 Nxd5 10. Nxd5 Qxd5 11. Qxd5 Bxd5 12. 0-0-0 Be6 13. Na5 b5 14. Nb7 Nc6 15. Nd6+ Bxd6 16. Rxd6 Nb4 17. a3 Nd5 18. Bc5 Rc8 19. b4 Nc7 20. Be2 0-0 21. Rhd1 Rfe8 22. Rc6 Bf5 23. g4 Bg6 24. c4 h6 25. Rd7 Ne6 26. cxb5 axb5 27. Bxb5 Rxc6 28. Bxc6 Nxc5 29. bxc5 Rc8 30. Rd6 Kf8 31. Kd2 Ke7 32. Kc3 f5 33. Rxg6 1-0

[Event "TUR-ch op"]
[Site "Antalya"]
[Date "2008.02.07"]
[Round "7.33"]
[White "Gozubuyukoglu, Selami"]
[Black "Kaban, Erhan"]
[Result "1-0"]
[WhiteElo "1960"]
[BlackElo "1409"]
[PlyCount "65"]
[EventDate "2008.02.04"]
[EventType "swiss"]
[EventRounds "11"]
[EventCountry "TUR"]
[SourceTitle "CBM 122 Extra"]
[Source "ChessBase"]
[SourceDate "2008.03.04"]
[SourceVersion "1"]
[SourceVersionDate "2008.03.04"]
[SourceQuality "1"]

1. e4 c5 2. Nf3 d6 3. d4 cxd4 4. Nxd4 Nf6 5. Nc3 a6 6. Be3 e5 7. Nb3 Be7 8. f3 Be6 9. Na4 Nbd7 10. Qd2 d5 11. exd5 Nxd5 12. Nac5 Nxc5 13. Bxc5 0-0 14. c4 Bg5 15. Qf2 Ne7 16. h4 Bf6 17. g4 Nc6 18. Bxf8 Kxf8 19. Rd1 Qc7 20. Be2 Be7 21. Kf1 Nd4 22. Nxd4 exd4 23. b3 Bc5 24. Bd3 Kg8 25. Kg2 Qf4 26. Rde1 Bd7 27. Re4 Qf6 28. Rhe1 Bc6 29. Re5 b6 30. g5 Qf4 31. Be4 d3 32. Bxc6 Qxe5 33. Rxe5 1-0

[Event "TUR-ch op"]
[Site "Antalya"]
[Date "2008.02.06"]
[Round "5.53"]
[White "Basaran, Cahit"]
[Black "Kaban, Erhan"]
[Result "1/2-1/2"]
[WhiteElo "1927"]
[BlackElo "1409"]
[PlyCount "66"]
[EventDate "2008.02.04"]
[EventType "swiss"]
[EventRounds "11"]
[EventCountry "TUR"]
[SourceTitle "CBM 122 Extra"]
[Source "ChessBase"]
[SourceDate "2008.03.04"]
[SourceVersion "1"]
[SourceVersionDate "2008.03.04"]
[SourceQuality "1"]

1. e4 c5 2. Nf3 d6 3. c3 Nf6 4. Qc2 Qc7 5. h3 e6 6. d4 cxd4 7. Nxd4 a6 8. Be3 d5 9. Nd2 e5 10. N4f3 d4 11. Bg5 dxc3 12. Qxc3 Qxc3 13. bxc3 Nfd7 14. Nb3 f6 15. Be3 Ba3 16. Rb1 Nc6 17. Bc4 b5 18. Bd5 Bb7 19. 0-0 Nd8 20. Rfd1 Bxd5 21. Rxd5 Ne6 22. Rbd1 Rd8 23. g3 Rf8 24. Ne1 Rf7 25. Nc2 Bf8 26. Kg2 Rc8 27. R5d3 Ndc5 28. Nxc5 Nxc5 29. Bxc5 Bxc5 30. Nb4 Bxb4 31. cxb4 Rfc7 32. Kf3 Rc3 33. Ke3 Ke7 1/2-1/2